Database management systems (Record no. 488)

000 -LEADER
fixed length control field 00537nam a22002177a 4500
001 - CONTROL NUMBER
control field 488
003 - CONTROL NUMBER IDENTIFIER
control field BD-DhUET
008 - FIXED-LENGTH DATA ELEMENTS--GENERAL INFORMATION
fixed length control field 140722b xxu||||| |||| 00| 0 eng d
020 ## - INTERNATIONAL STANDARD BOOK NUMBER
International Standard Book Number 0072465638
040 ## - CATALOGING SOURCE
Transcribing agency 0
Modifying agency BD-DhUET
082 ## - DEWEY DECIMAL CLASSIFICATION NUMBER
Classification number 005.74
Item number RAM/2003
100 ## - MAIN ENTRY--PERSONAL NAME
Personal name Ramakrishnan, Raghu
245 ## - TITLE STATEMENT
Title Database management systems
250 ## - EDITION STATEMENT
Edition statement 3rd ed.
260 ## - PUBLICATION, DISTRIBUTION, ETC. (IMPRINT)
Place of publication, distribution, etc. Boston
Name of publisher, distributor, etc. McGraw-Hill
Date of publication, distribution, etc. 2003
300 ## - PHYSICAL DESCRIPTION
Extent xxxii,1065p.
504 ## - BIBLIOGRAPHY, ETC. NOTE
Bibliography, etc Includes bibliographies
650 #0 - SUBJECT ADDED ENTRY--TOPICAL TERM
Topical term or geographic name as entry element Database management
700 ## - ADDED ENTRY--PERSONAL NAME
Personal name Gehrke, Jahannes
942 ## - ADDED ENTRY ELEMENTS (KOHA)
Koha item type General Book
Holdings
Lost status Koha normalized classification for sorting Copy number Piece designation (barcode) Koha full call number Koha date last seen Damaged status Location (home branch) Sublocation or collection (holding branch) Koha item type Withdrawn status Not for loan Price effective from Source of classification or shelving scheme Shelving location Date acquired
 005_740000000000000_RAM_20031110619005.74/RAM/20032014-07-22 Central Library, BUETCentral Library, BUETGeneral Book  2014-07-22 Circulation section2014-07-22
 005_740000000000000_RAM_20032107132005.74/RAM/20032014-10-20 Central Library, BUETCentral Library, BUETGeneral Book  2014-10-20 Circulation section2014-10-20
 005_740000000000000_RAM_20033102553005.74/RAM/20032015-06-06 Central Library, BUETCentral Library, BUETReading Item  2015-06-06 Reading section2015-06-06
 005_740000000000000_RAM_20034102171005.74/RAM/20032015-06-09 Central Library, BUETCentral Library, BUETReading Item  2015-06-09 Reading section2015-06-09
 005_740000000000000_RAM_20035107131005.74/RAM/20032017-03-22 Central Library, BUETCentral Library, BUETGeneral Book  2017-03-22 Circulation section2009-05-16